000 01212nam a2200253Ia 4500
003 OSt
005 20220930094924.0
006 a|||||r|||| 00| 0
007 ta
008 220926b |||||||| |||| 00| 0 hin d
024 _a35604
037 _cTheses
040 _aCRL
_cCRL
_bhin
041 _2hin
_ahin
100 _aदुबे, सरिता, ले.
110 _aदिल्ली विश्वविद्यायल. कला संकाय. संस्कृत
_9556766
245 0 _aश्रीभाष्य पर सुदर्शनभट्ट प्रणीत श्रुतप्रकाशिका का अध्ययन (ब्रह्मसूत्र चतुःसूत्री के सन्दर्भ में)।
246 _aShrībhāṣhya par sudarshanabhaṭṭa praṇīt shrutaprakāshikā kā adhyayan (brahmasūtra chatuahsūtrī ke sandarbha mean)।
260 _c2015
300 _a221पृ.
_ap.
_ccm.
700 _aदिल्ली विश्वविद्यायल. कला संकाय. संस्कृत
_9556767
942 _cDIS
_2CC
999 _c887964
_d887964